O papel terapêutico do Programa Farmácia Viva e das plantas medicinais no centro-sul piauiense (Registro n. 299983)
[ somente texto ]
| 000 -LÍDER | |
|---|---|
| fixed length control field | 05223nab a2200421 i 4500 |
| 003 - CÓDIGO MARC DA AGÊNCIA CATALOGADORA | |
| Campo de controle | BR-BrBNA |
| 005 - DATA E HORA DA ÚLTIMA ATUALIZAÇÃO | |
| Campo de controle | 20240610134224.0 |
| 008 - CAMPO DE TAMANHO FIXO | |
| fixed length control field | 240610b2015 bl.qr|pooa||| 00| 0 por | |
| 040 ## - FONTE DA CATALOGAÇÃO | |
| Agência catalogadora | BR-BrBNA |
| Idioma da catalogação | por |
| 072 ## - CATEGORIA AGRIS | |
| Código AGRIS | S01 |
| 072 ## - CATEGORIA AGRIS | |
| Código AGRIS | F70 |
| 100 ## - ENTRADA PRINCIPAL - NOME PESSOAL | |
| Nome pessoal | Pereira, J.B.A. |
| 100 ## - ENTRADA PRINCIPAL - NOME PESSOAL | |
| Nome pessoal | Rodrigues, M.M. |
| 100 ## - ENTRADA PRINCIPAL - NOME PESSOAL | |
| Nome pessoal | Morais, I.R. |
| 100 ## - ENTRADA PRINCIPAL - NOME PESSOAL | |
| Nome pessoal | Vieira, C.R.S. |
| 100 ## - ENTRADA PRINCIPAL - NOME PESSOAL | |
| Nome pessoal | Sampaio, J.P.M. |
| 100 ## - ENTRADA PRINCIPAL - NOME PESSOAL | |
| Nome pessoal | Moura, M.G. |
| 100 ## - ENTRADA PRINCIPAL - NOME PESSOAL | |
| Nome pessoal | Damasceno, M.F.M. |
| 100 ## - ENTRADA PRINCIPAL - NOME PESSOAL | |
| Nome pessoal | Silva, J.N. |
| 100 ## - ENTRADA PRINCIPAL - NOME PESSOAL | |
| Nome pessoal | Calou, I.B.F. |
| 100 ## - ENTRADA PRINCIPAL - NOME PESSOAL | |
| Nome pessoal | Deus, F.A. |
| 100 ## - ENTRADA PRINCIPAL - NOME PESSOAL | |
| Nome pessoal | Peron, A.P. |
| 100 ## - ENTRADA PRINCIPAL - NOME PESSOAL | |
| Nome pessoal | Abreu, M.C. |
| 100 ## - ENTRADA PRINCIPAL - NOME PESSOAL | |
| Nome pessoal | Militão, G.C.G. |
| 100 ## - ENTRADA PRINCIPAL - NOME PESSOAL | |
| Nome pessoal | Ferreira, P.M.P. |
| 245 ## - TÍTULO PRINCIPAL | |
| Título principal | O papel terapêutico do Programa Farmácia Viva e das plantas medicinais no centro-sul piauiense |
| 500 ## - NOTA GERAL | |
| Nota geral | Publicação on-line; Bibliography p. 559-561 (52 ref.); 1 table; 7 illus.; Summaries (En, Pt) |
| 942 ## - ADDED ENTRY ELEMENTS (KOHA) | |
| Koha item type | |
| 520 ## - NOTA DE RESUMO | |
| Nota de conteúdo | <br/><br/>RESUMO: <br/><br/>Este trabalho realizou um levantamento sobre o uso de plantas medicinais na<br/>cidade de Picos-PI, identificou as plantas cultivadas no horto pertencente ao Laboratório<br/>Fitoterápico de Picos (LAFIPI), e analisou o uso de fitoterápicos dispensados pelo Programa<br/>Farmácia Viva no triênio 2008-2010. Do total dos 750 entrevistados, 37,6% foram homens e<br/>62,4 % mulheres, dentre os quais a maioria não concluiu o segundo grau (69,2%) e 77,2%<br/>possuíam renda mensal de até dois salários mínimos. Com relação ao consumo de plantas<br/>medicinais, 76,3% afirmaram utilizá-las para tratar doenças, principalmente por considerá-las<br/>mais saudáveis (84,8%). A indicação do uso foi orientada, sobretudo, por familiares (82,2%),<br/>embora a maioria adquira as plantas em feiras livres (32,8%). Das 127 plantas relatadas, as<br/>mais citadas foram erva-cidreira, boldo e hortelã, sendo as folhas a parte mais utilizada (42,3%),<br/>predominantemente por infusão (39,4%). As aplicações mais lembradas foram para tratar dores<br/>em geral (17%), distúrbios respiratórios (16,5%) e digestivos (16%). As espécies mais cultivadas<br/>no horto são chambá (Justicia pectoralis), alecrim pimenta (Lippia sidoides), malva santa<br/>(Plectranthus barbatus) e erva cidreira (Lippia alba). O lambedor de chambá foi o fitoterápico<br/>mais procurado pela população entre 2008 e 2010. Esse estudo descreveu, pela primeira vez,<br/>o uso tradicional de plantas medicinais no município de Picos e demonstrou, também de forma<br/>inédita, a relevância de investimentos do Programa Farmácia Viva no município de Picos e sua<br/>inclusão no Programa Saúde da Família como forma de disponibilizar à população de baixa<br/>renda fitoterápicos produzidos localmente a custos reduzidos.<br/><br/>Palavras-chave: etnobotânica, uso popular, fitoterapia, toxicidade, Nordeste do Brasil |
| 520 ## - NOTA DE RESUMO | |
| Nota de conteúdo | <br/><br/>ABSTRACT: <br/><br/>The therapeutic role of the Program Farmacia Viva and the medicinal plants<br/>in the center-south of Piauí. This study performed a research about the use of medicinal<br/>plants in Picos city, identifying the plants grown in the garden belonging to the Laboratory of<br/>Phytotherapics in Picos (LAFIPI) and analying the use of phytotherapics distributed by the<br/>Farmácia Viva Project between 2008-2010. From the total of 750 interviewed participants,<br/>37.6% were men and 62.4 % women. Most of them do not have secondary education (69.2%)<br/>and 77.2% had an income of up until two minimum wages. Regarding consumption of medicinal<br/>plants, 76.3 % used them to treat diseases, mainly because they considered them to be healthier<br/>(84.8%). The indication of use of the plants was mainly suggested by relatives (82.2%), even<br/>though the majority of the participants acquires plants in open markets (32.8%). From the 127<br/>plants mentioned, the most cited ones were balm, boldo and mint, and leaves were the most<br/>utilized parts (42.3%), predominantly by infusion (39.4%). The most common reasons for the<br/>usewere to treat pain in general (17%), and respiratory (16.5%) and digestive disorders (16%).<br/>The most cultivated species in the garden were chambá (Justicia pectoralis), alecrim pimenta <br/>(Lippia sidoides), malva santa (Plectranthus barbatus) and erva cidreira (Lippia alba). The<br/>“chambá licker” was the most herbal medicine searched by the population between 2008 and<br/>2010. This investigation described, for the first time, the traditional use of medicinal plants in<br/>Picos and demonstrated,alsounprecedentedly, the relevance of investments in the Farmácia<br/>Viva Project in Picos city and its inclusion in the Family Health Program as a strategyin order<br/>to provide locally producedphytotherapics for low-income population at low costs.<br/><br/>Keywords: ethonobotany, folk use, phytotherapy, toxicity, Brazilian Northeast. |
| 650 ## - ASSUNTO - THESAGRO | |
| Cabeçalho tópico ou nome geográfico | ETNOBOTÂNICA |
| 650 ## - ASSUNTO - THESAGRO | |
| Cabeçalho tópico ou nome geográfico | FITOTERAPIA |
| 650 ## - ASSUNTO - THESAGRO | |
| Cabeçalho tópico ou nome geográfico | TOXIDEZ |
| 650 ## - ASSUNTO - THESAGRO | |
| Cabeçalho tópico ou nome geográfico | NORDESTE |
| 773 0# - ENTRADA ANALÍTICA | |
| Host Biblionumber | 3543 |
| Registro do item | 315781 |
| Imprenta | Botucatu-SP Instituto de Biociências - Departamento de Química e Bioquímica 1998 |
| Outro identificador | 2024-2143 |
| Título | Revista Brasileira de Plantas Medicinais (Brazil) |
| ISSN | 1516-0572 |
| Colação | v. 17(4) p. 550-561; (2015) |
| Número de controle de registro | BR2024001379 |
| 856 ## - ACESSO E ENDEREÇO ELETRÔNICO | |
| Identificador uniforme de recurso - URI | https://www.scielo.br/j/rbpm/a/fVvDxgMxXMdQHPs44wqWNYH/?format=pdf&lang=pt |
Nenhum exemplar disponível.

BINAGRI